000 00851cam a22002651 4500
001 11857
003 BD-RjUL
005 20211208235208.0
008 140127s1965 ilua 001 0 eng
035 _a(BD-RjUL)11906
035 _a(OCoLC)295559
040 _aDLC
_cOUrC
_dOCoLC
_dUk
_dDLC
_dBD-RjUL
_beng
041 1 _aeng
_hund
082 _a572.9082
_bREA 1965
245 1 0 _aReadings in cultural geography /
_cEdited with introductions and translations by Philip L. Wagner and Marvin W. Mikesell.
260 _aChicago :
_bUniversity of Chicago Press,
_cc1962 [Reprint 1965].
300 _axii, 589 p. :
_billus. ;
_c25 cm.
504 _aIncludes Index.
650 0 _aHuman geography.
_936720
700 1 _aWagner , Philip L.
_936721
700 1 _aMikesell, Marvin W.,
_936721
942 _2ddc
_cBK
999 _c11857
_d11857